| 000 | 004960000a22001690004500 | ||
|---|---|---|---|
| 001 | 768714001 | ||
| 003 | CO-MdFUSB | ||
| 005 | 20170614085631.0 | ||
| 008 | 170614s2000 xxu||||| |||| 00| 0 spa d | ||
| 040 |
_aCO-MdFUSB _bspa _cCO-MdFUSB _dCO-MdFUSB |
||
| 041 | _aspa | ||
| 245 | 1 | 0 | _aUna sinfonía de símbolos |
| 300 |
_aNúmero 12 (2000), Página 10 _c28 cm. |
||
| 546 | _aTexto en español | ||
| 773 | 0 |
_tBuenas Noticias _049455 _960505 _gNúmero 12 (2000), Página 10 _qPágina 10 |
|
| 942 | _cANA | ||
| 999 |
_c50994 _d50994 |
||